02001nam a2200157 a 4500008004100000020001500041041000800056100002700064245009000091250001100181260004300192300001100235500012800246505145500374650001401829220917t2009 ag b|||g||||| 000 0 spa d a9875451045 aspa1 aGindin, León Roberto 3aLa nueva sexualidad de la mujer. bA la conquista del placer /cLeón Roberto Gindin a1a ed. aBuenos Aires:bEditorial Norma;c2003. a317 p. aGindin, L. R. (2003). La nueva sexualidad de la mujer. A la conquista del placer. (1a ed.). Buenos Aires : Editorial Norma. aEste libro -como expresa su autor, el conocido sexólogo Dr. León Roberto Gindin- no pretende ser un tratado global de sexualidad, sino que trata casi exclusivamente acera del placer femenino, ese placer a veces esquivo que la mujer del siglo XXI se encuentra empeñada en lograr. Al igual que Van de Velde, el ginecólogo que en siglo XIX ayudó a las mujeres victorianas a acceder al goce sexual, esta vez un varón entra en el campo de la sexualidad femenina a partir de su vasta experiencia como sexólogo clínico. Esta obra contiene información nueva, además de la ya conocida, sobre los aspectos médicos, psicológicos y sociales involucrados en el goce sexual de la mujer. Los secretos para alcanzar el orgasmo; los tratamientos de las disfunciones sexuales: farmacológicos, herbarios y sexológicos; la influencia del tamaño del pene en la satisfacción femenina; las prácticas sexuales inusuales y las nuevas modalidades del embellecimiento genital son algunos de los temas abordados. No faltan referencias al sexo entre mujeres y al sexo en soledad, además de novedosas ideas para renovar y así mantener viva la sexualidad de la pareja. La nueva sexualidad de la mujer ha sido escrito con el fin de ayudar a la mujer a descubrir todas las posibilidades de disfrute y a alcanzar una autonomía tal que le permita ejercer la nueva sexualidad basada fundamentalmente en el ejercicio de su derecho al goce propio.  aAutoayuda